Language Quiz

Random Language or Spanish Quiz

Dat Comida Español, ya heard? Quiz Stats

Quiz not verified by Sporcle

Challenge
Share
Tweet
Embed
Score 0/30 Timer 01:00
0 Plays Today
English Spanish % Correct
To cookcocinar
92%
meatcarne
63.2%
cheesequeso
58.4%
ricearroz
53.6%
fishpescado
52.8%
to bakehornear
42.4%
vegetableverdura
41.6%
to boilhervir
40%
yogurtyogur
35.2%
tomatotomate
33.6%
sandwichbocadillo
28%
to-go (like food to-go)para llevar
27.2%
potatopatata
25.6%
to fryfreír
24%
oilaceite
22.4%
English Spanish % Correct
spooncuchara
15.2%
knifecuchillo
14.4%
forktenedor
11.2%
shrimpgamba
10.4%
condimentscondimento
10.4%
avocadoaguacate
10.4%
croquettecroqueta
10.4%
peasguisantes
7.2%
clamsalmejas
5.6%
dairy productsproductos lácteos
4.8%
hamjamón
4.8%
chili pepperpimiento
4%
spatulaespátula
4%
musselsmejillones
3.2%
ladlecucharón
0%

You're not logged in!

Compare scores with friends on all Sporcle quizzes.
Sign Up with Email
OR
Log In

You Might Also Like...

Show Comments

Extras

Top Quizzes Today


Score Distribution

Your Account Isn't Verified!

In order to create a playlist on Sporcle, you need to verify the email address you used during registration. Go to your Sporcle Settings to finish the process.